Datum a čas kvízu
22.5
Celkem bodů
Celkový počet nahraných bodů na tomto kvízu bez doplňovacích otázek.
1.
Pořadí na kvízu
Konečné umístění týmu na tomto kvízu.
Zaznamenané odpovědi
| # | Otázka | Odpověď | Body | Výsledky |
|---|---|---|---|---|
| 1. | Na podzim by se měla změnit pr... | 0 | ||
| 2. | Čtyřiašedesátiletý Andrés Manu... | 1 | ||
| 3. | Vtipný svéráz, režisér Terry G... | 0 | ||
| 4. | Minulý týden jsme měli téma na... | 0 | ||
| 5. | Jak se jmenuje běloruská tenis... | 0 | ||
| 6. | Ve kterém anglickém týmu působ... | 1 | ||
| 7. | Ve které zemi byl princ Harry... | 0 | ||
| 8. | Napište adresu domu, který pat... | 0 | ||
| 9. | Americký prezident Harry Truma... | 1 | ||
| 10. | Se kterou hudební skupinou je... | 1 |